00669cam a22002171 45000010005000000030008000050050017000130080039000300350018000690350019000870400035001060410008001410820024001491000027001732450070002002600027002703000026002975040040003236100046003636500042004095850BD-RjUL20211208234136.0140107s1967 enkafk b 001 0 eng a(BD-RjUL)5889 a(OCoLC)2105382 aDLCcFUdUkdDLCdBD-RjULbeng aeng a354.42006bGLC 19671 aGladden, Edgar Norman.10aCivil Services of the United Kingdom, 1855-1970 /cE. N. Gladden. aLondon :bCass,c1967. axxv, 289 p. ;c22 cm. aBibliography: p. 267-280 and index.10aGreat Britain.bCivil Service Commission. 0aCivil servicezGreat BritainxHistory